| 000 | 00342nam a22001577a 4500 | ||
|---|---|---|---|
| 003 | SGT | ||
| 082 |
_a612 _bP15K |
||
| 100 | _aKAPOOR, RAJ | ||
| 245 | _aPHYSIOLOGY PRACTICAL MANUAL | ||
| 250 | _a3RD | ||
| 260 |
_aVARANASI _bC.B.S PUB _c2015 |
||
| 300 | _a263 | ||
| 650 | _aPHYSIOLOGY | ||
| 653 | _aPRACTICAL ,PHYSIOLOGY | ||
| 942 |
_2ddc _cBK _05 |
||
| 999 |
_c8307 _d8307 |
||